| 000 | 00470nam a2200145Ia 4500 | ||
|---|---|---|---|
| 008 | 170224s9999 xx 000 0 und d | ||
| 100 | _aMicael-Lee Johnstone | ||
| 245 | _aSocial influence and green consumption behaviour: a need for greater government involvement | ||
| 245 | _cMicael-Lee Johnstone & Stephanie Hooper | ||
| 260 | _bJournal of Marketing Management | ||
| 260 | _c2016 | ||
| 300 | _a32:9-10,Pages: 827-855 | ||
| 500 | _aAugust | ||
| 650 | _xMarketing. | ||
| 999 |
_c315944 _d315944 |
||